Normal view
MARC view
Entry Topical Term
001 - CONTROL NUMBER
- control field: 202
003 - CONTROL NUMBER IDENTIFIER
- control field: BT-SaRUSC
005 - DATE AND TIME OF LATEST TRANSACTION
- control field: 20260306102546.0
008 - FIXED-LENGTH DATA ELEMENTS
- fixed length control field: 260306|| aca||aabn | a|a d
040 ## - CATALOGING SOURCE
- Original cataloging agency: BT-SaRUSC
- Transcribing agency: BT-SaRUSC
150 ## - HEADING--TOPICAL TERM
- Topical term or geographic name as entry element: A9.2 Election Commission of Bhutan
670 ## - SOURCE DATA FOUND
- Source citation: Work cat.: (BT-SaRUSC)19856: Lyonpo Sonam Tobgye 201, The Constitution of Bhutan:
